<?xml version="1.0" encoding="UTF-8"?>
<record
    xmlns:xsi="http://www.w3.org/2001/XMLSchema-instance"
    xsi:schemaLocation="http://www.loc.gov/MARC21/slim http://www.loc.gov/standards/marcxml/schema/MARC21slim.xsd"
    xmlns="http://www.loc.gov/MARC21/slim">

  <leader>01114nam a2200289 u 4500</leader>
  <controlfield tag="001">715430</controlfield>
  <controlfield tag="005">20260506092912.0</controlfield>
  <controlfield tag="008">020122s2001       ||||||m|         spa  </controlfield>
  <datafield tag="035" ind1=" " ind2=" ">
    <subfield code="a">715430</subfield>
  </datafield>
  <datafield tag="040" ind1=" " ind2=" ">
    <subfield code="c">comduadb</subfield>
  </datafield>
  <datafield tag="041" ind1=" " ind2=" ">
    <subfield code="a">spa</subfield>
  </datafield>
  <datafield tag="082" ind1=" " ind2="4">
    <subfield code="a">628</subfield>
  </datafield>
  <datafield tag="100" ind1="1" ind2="0">
    <subfield code="a">Pabon Palacio, Olga Lucia</subfield>
    <subfield code="4">aut</subfield>
    <subfield code="e">aut</subfield>
    <subfield code="9">348831</subfield>
  </datafield>
  <datafield tag="245" ind1="1" ind2="0">
    <subfield code="a">Propuesta de soluciones de ingenieria a los problemas ambientales en la hacienda La Montana</subfield>
  </datafield>
  <datafield tag="260" ind1=" " ind2=" ">
    <subfield code="a">Medell&#xED;n :</subfield>
    <subfield code="b">[sin publicador],</subfield>
    <subfield code="c">2001.</subfield>
  </datafield>
  <datafield tag="300" ind1=" " ind2=" ">
    <subfield code="a">64h. : il, planos</subfield>
  </datafield>
  <datafield tag="650" ind1=" " ind2=" ">
    <subfield code="a">Problemas ambientales</subfield>
    <subfield code="9">32243</subfield>
  </datafield>
  <datafield tag="650" ind1=" " ind2=" ">
    <subfield code="a">Hacienda la Monta&#xF1;a (San Pedro de los Milagros)</subfield>
    <subfield code="9">88166</subfield>
  </datafield>
  <datafield tag="650" ind1=" " ind2="7">
    <subfield code="a">Gesti&#xF3;n ambiental</subfield>
    <subfield code="2">lemb</subfield>
    <subfield code="9">36466</subfield>
  </datafield>
  <datafield tag="650" ind1=" " ind2="7">
    <subfield code="a">Calidad del agua</subfield>
    <subfield code="2">lemb</subfield>
    <subfield code="9">2118</subfield>
  </datafield>
  <datafield tag="650" ind1=" " ind2=" ">
    <subfield code="a">Saneamiento ambiental</subfield>
    <subfield code="9">3091</subfield>
  </datafield>
  <datafield tag="650" ind1=" " ind2=" ">
    <subfield code="a">Potabilizaci&#xF3;n del agua</subfield>
    <subfield code="9">58420</subfield>
  </datafield>
  <datafield tag="650" ind1=" " ind2="7">
    <subfield code="a">Aguas residuales</subfield>
    <subfield code="2">dcs</subfield>
    <subfield code="9">28203</subfield>
  </datafield>
  <datafield tag="700" ind1="1" ind2="0">
    <subfield code="a">Pe&#xF1;uela Mesa, Gustavo Antonio</subfield>
    <subfield code="4">drt</subfield>
    <subfield code="e">drt</subfield>
    <subfield code="9">479215</subfield>
  </datafield>
  <datafield tag="942" ind1=" " ind2=" ">
    <subfield code="c">TESIS</subfield>
  </datafield>
  <datafield tag="999" ind1=" " ind2=" ">
    <subfield code="c">238573</subfield>
    <subfield code="d">238573</subfield>
  </datafield>
  <datafield tag="500" ind1=" " ind2=" ">
    <subfield code="a">Tesis (Ingeniero Sanitario y Ambiental) Universidad de Antioquia. Facultad de Ingenier&#xED;a. Departamento de Ingenier&#xED;a Sanitaria - T&#xED;tulo del grado otorgado</subfield>
  </datafield>
  <datafield tag="952" ind1=" " ind2=" ">
    <subfield code="0">0</subfield>
    <subfield code="1">0</subfield>
    <subfield code="4">0</subfield>
    <subfield code="7">0</subfield>
    <subfield code="8">TESISBC</subfield>
    <subfield code="a">BC</subfield>
    <subfield code="b">BC</subfield>
    <subfield code="d">2002-01-22</subfield>
    <subfield code="e">Material adquirido por donaci&#xF3;n</subfield>
    <subfield code="i">C719479</subfield>
    <subfield code="l">0</subfield>
    <subfield code="o">628.168 P112</subfield>
    <subfield code="p">61000002066617</subfield>
    <subfield code="r">2023-04-24 00:00:00</subfield>
    <subfield code="t">1</subfield>
    <subfield code="w">2023-04-24</subfield>
    <subfield code="y">TESIS</subfield>
  </datafield>
</record>
